| 000 | 00333nam a2200109Ia 4500 | ||
|---|---|---|---|
| 008 | 171211s9999 xx 000 0 und d | ||
| 245 | 4 | _aThe Rough Guide to Languedoc and Roussillon 3 (Rough Guide Travel Guides) | |
| 245 | _cBrian Catlos | ||
| 260 | _c2007 | ||
| 650 | _xTRAVEL | ||
| 856 | _uhttp://down.ebook777.com/059/1843537907.pdf | ||
| 999 |
_c349222 _d349222 |
||